Effects of guided imagery on anxiety level of BSNI Students of Southville International School and Colleges / (Record no. 229071)
[ view plain ]
| 000 -LEADER | |
|---|---|
| fixed length control field | 00563nam a2200169Ia 4500 |
| 003 - CONTROL NUMBER IDENTIFIER | |
| control field | 0 |
| 005 - DATE AND TIME OF LATEST TRANSACTION | |
| control field | 20250210112555.0 |
| 008 - FIXED-LENGTH DATA ELEMENTS--GENERAL INFORMATION | |
| fixed length control field | 140724s9999 xx 000 0 und d |
| 050 ## - LIBRARY OF CONGRESS CALL NUMBER | |
| Classification number | RC 531 |
| Item number | .Ar674 2014 |
| 100 ## - MAIN ENTRY--PERSONAL NAME | |
| Personal name | Arcia, Janina B. |
| 245 ## - TITLE STATEMENT | |
| Title | Effects of guided imagery on anxiety level of BSNI Students of Southville International School and Colleges / |
| Statement of responsibility, etc | Janina B. Arcia. |
| 260 ## - PUBLICATION, DISTRIBUTION, ETC. (IMPRINT) | |
| Place of publication, distribution, etc | Las Piñas, Philippines : |
| Name of publisher, distributor, etc | Southville International School and Colleges, |
| Date of publication, distribution, etc | 2014 |
| 300 ## - PHYSICAL DESCRIPTION | |
| Extent | 70 p. : |
| Dimensions | 28 cm. |
| 521 ## - TARGET AUDIENCE NOTE | |
| Target audience note | Nursing |
| 942 ## - ADDED ENTRY ELEMENTS (KOHA) | |
| Koha item type | Theses |
| Source of classification or shelving scheme | Library of Congress Classification |
| Withdrawn status | Lost status | Source of classification or shelving scheme | Damaged status | Home library | Current library | Shelving location | Date acquired | Source of acquisition | Total Checkouts | Full call number | Barcode | Date last seen | Price effective from | Koha item type |
|---|---|---|---|---|---|---|---|---|---|---|---|---|---|---|
| Library of Congress Classification | College Library | College Library | Theses Section | 07/24/2014 | Donation | RC 531 .Ar674 2014 | T0425 | 05/15/2018 | 07/24/2014 | Theses |